| 000 | 00768nam a2200217 a 4500 | ||
|---|---|---|---|
| 001 | 44979 | ||
| 003 | BD-RjUL | ||
| 005 | 20211209053938.0 | ||
| 008 | 161206s1977 bg af 000 0 eng | ||
| 020 | _c: Tk. 20.00 | ||
| 035 | _a(BD-RjUL)45097 | ||
| 040 |
_aDLC _dBD-RjUL _beng _cBD-RjUL |
||
| 041 | 1 | _aeng | |
| 082 | 0 | 0 |
_a315.492 _223 _bBAS 1977 |
| 110 |
_aBangladesh Bureau of Statistics. _9155808 |
||
| 245 |
_aStatistical pocket book of Bangladesh, 1978 = বাংলাদেশ পরিসংখ্যান পকেট বই, ১৯৭৮ / _cBangladesh Bureau of Statistics. |
||
| 260 |
_aDacca: _bBangladesh Bureau of Statistics, _c1977 |
||
| 300 |
_axviii, 426 p. : _bIll.; _c15 cm |
||
| 651 |
_aBangladesh _xStatistics. _9135792 |
||
| 942 |
_2ddc _cRAR |
||
| 999 |
_c44979 _d44979 |
||